| 000 | 00401nam a2200157Ia 4500 | ||
|---|---|---|---|
| 008 | 230524s9999 xx 000 0 und d | ||
| 082 |
_a621.382 _bDUR |
||
| 100 | _aRao V.Dukkipati | ||
| 245 | 0 | _aAnalysis and Design of Control Systems Using MATLAB | |
| 250 | _a1ST | ||
| 260 |
_aNEW DELHI _bNew Age _c2006 |
||
| 300 | _aXIV;251 | ||
| 500 | _aQuantity Number: 2 | ||
| 650 | _aComp-Sc | ||
| 942 | _cBK | ||
| 999 |
_c37244 _d37244 |
||